000 00742nam a2200181Ia 4500
005 20250423094326.0
008 250422s9999 xx 000 0 und d
020 _a9781032762920
050 _aTK 5102.5 .W36/
100 _aWang, Zeyu
245 0 _aAdaptive Detection for multichannel signals in non-idea environments
260 _aBoca Raton
260 _bCRC Press
260 _c2024
300 _axiii, 180p.: ill.
650 _aAdaptive signal processing; Multichannel signal detection; Non-ideal environments; Wireless communication systems; Statistical signal processing; Radar detection algorithms; Interference mitigation; Machine learning in signal processing; Sensor array processing; Signal detection theory.
942 _cBK
999 _c26912
_d26912